00361nam a2200157Ia 4500008004000000041000800040082001000048100002000058245003300078260004300111650001100154650001000165650001200175650000800187650000800195210210b1932 xxu||||| |||| 00| 0 eng d aeng a825/6 aABERCROMBIE (L) aPoetry its music and meaning aLondonbOxford University Pressc1932 aPoetry amusic ameaning aits aand